| 000 | 00895nam a2200253Ia 4500 | ||
|---|---|---|---|
| 003 | OSt | ||
| 005 | 20220923211515.0 | ||
| 006 | a|||||r|||| 00| 0 | ||
| 007 | ta | ||
| 008 | 220922b |||||||| |||| 00| 0 urd d | ||
| 020 |
_a9789380427502 (hbk) _c200 |
||
| 024 | _a280,647 | ||
| 037 |
_b807, 09/03/2014, H.K. Prakashan _cTextual |
||
| 040 |
_aARTS _cARTS _burd |
||
| 041 |
_2urd _aurd |
||
| 082 | _aO168,1H80x, 153Q3 | ||
| 100 | _aਨਰਿੰਦਰ ਨਵਰੂਪ | ||
| 245 | 0 | _aਚਿੰਨ੍ਹ ਵਿਗਿਆਨ ਅਤੇ ਕਲਾਮ ਬੁੱਲ੍ਹੇ Fਾਹ | |
| 260 |
_aਜਲੰਧਰ _b ਸੁੰਦਰ ਬੁੱਕ ਡਿਪੋ _c2013 |
||
| 300 |
_a160ਪੰ _ccm. |
||
| 650 | _aਉਰਦੂ ਸਾਹਿਤ | ||
| 942 |
_hO168,1H80x, 153Q3 _cTEXL _2CC |
||
| 999 |
_c300246 _d300246 |
||